| 000 | 00493nam a2200181Ia 4500 | ||
|---|---|---|---|
| 008 | 230917s9999||||xx |||||||||||||| ||und|| | ||
| 020 | _cGBP45.99 | ||
| 040 |
_e257168 _aMAIN |
||
| 041 | _aEnglish | ||
| 082 | _a338.4791 M83M(2) | ||
| 100 | _aMorrison, Alastair M | ||
| 245 | 0 | _aMarketing and managing tourism destinations | |
| 250 | _a2nd ed. | ||
| 260 |
_aOxon _bRoutledge _c2019 |
||
| 300 | _axxv, 689 p. | ||
| 500 | _a3572 08/08/2019 APD19/1099825 09/08/2019 IHTM (SFS) | ||
| 942 | _cBK | ||
| 999 |
_c32325 _d32325 |
||